00325nam a2200133Ia 4500003000400000005001700004008004100021020001800062040002000080100001600100245005800116260000800174260000900182OSt20240102044759.0170524s9999 xx 000 0 und d a9788120320963 cIIMT UNIVERSITY aCoughlin RF 0aOperational Amplifiers and Linear Integrated Circuits bPHI c2006